Campeones Liga Chilena de Fútbol Primera División - Estadísticas

Estadísticas generales
  • Esta prueba ha sido intentada 1.480 veces
    1.441 desde el último reinicio
  • La puntuación promedio es 90 de 95
Estadísticas de respuestas
Año Campéon % Correcto
1937 Colo Colo
100%
1939 Colo Colo
100%
1941 Colo Colo
100%
1944 Colo Colo
100%
1947 Colo Colo
100%
1953 Colo Colo
100%
1956 Colo Colo
100%
1960 Colo Colo
100%
1963 Colo Colo
100%
1970 Colo Colo
100%
1972 Colo Colo
100%
1979 Colo Colo
100%
1981 Colo Colo
100%
1983 Colo Colo
100%
1986 Colo Colo
100%
1989 Colo Colo
100%
1990 Colo Colo
100%
1991 Colo Colo
100%
1993 Colo Colo
100%
1996 Colo Colo
100%
1997 -Cl Colo Colo
100%
1998 Colo Colo
100%
2002 -Cl Colo Colo
100%
2006 -Ap Colo Colo
100%
2006 -Cl Colo Colo
100%
2007 -Ap Colo Colo
100%
2007 -Cl Colo Colo
100%
2008 -Cl Colo Colo
100%
2009 -Cl Colo Colo
100%
2014 -Cl Colo Colo
100%
1949 Universidad Católica
99%
1954 Universidad Católica
99%
1961 Universidad Católica
99%
1966 Universidad Católica
99%
1984 Universidad Católica
99%
1987 Universidad Católica
99%
1997 -Ap Universidad Católica
99%
2002 -Ap Universidad Católica
99%
2005 -Cl Universidad Católica
99%
2010 Universidad Católica
99%
1940 Universidad de Chile
99%
1959 Universidad de Chile
99%
1962 Universidad de Chile
99%
1964 Universidad de Chile
99%
1965 Universidad de Chile
99%
1967 Universidad de Chile
99%
1969 Universidad de Chile
99%
1994 Universidad de Chile
99%
1995 Universidad de Chile
99%
1999 Universidad de Chile
99%
2000 Universidad de Chile
99%
2004- Ap Universidad de Chile
99%
2009 -Ap Universidad de Chile
99%
2011 -Ap Universidad de Chile
99%
2011 -Cl Universidad de Chile
99%
2012 -Ap Universidad de Chile
99%
2014 -Ap Universidad de Chile
99%
1943 Unión Española
97%
1951 Unión Española
97%
1973 Unión Española
97%
1975 Unión Española
97%
1977 Unión Española
97%
2005 -Ap Unión Española
97%
2013 -Tra Unión Española
97%
1980 Cobreloa
96%
1982 Cobreloa
96%
1985 Cobreloa
96%
1988 Cobreloa
96%
1992 Cobreloa
96%
2003 -Ap Cobreloa
96%
2003 .Cl Cobreloa
96%
2004 -Cl Cobreloa
96%
1936 Audax Italiano
93%
1946 Audax Italiano
93%
1948 Audax Italiano
93%
1957 Audax Italiano
93%
1933 Magallanes
91%
1934 Magallanes
91%
1935 Magallanes
91%
1938 Magallanes
91%
1955 Palestino
91%
1978 Palestino
91%
1950 Everton
89%
1952 Everton
89%
1976 Everton
89%
2008 -Ap Everton
89%
2013 -Ap O'Higgins
85%
1958 Santiago Wanderers
82%
1968 Santiago Wanderers
82%
2001 Santiago Wanderers
82%
1974 Huachipato
75%
2012 -Cl Huachipato
75%
1942 Santiago Morning
73%
1945 Green Cross
45%
1971 Unión San Felipe
35%
No se encontraron pruebas coincidentes
Distribución de puntuación
Porcentaje de gente con cada puntuación
Porcentaje por número respondido
Historial de tus puntuaciones
No has intentado esta prueba desde el último reinicio